zpět

Detail výsledku týmu

Hells Bells Beer Pub, Praha

Datum a čas kvízu

26 Celkem bodů Celkový počet nahraných bodů na tomto kvízu bez doplňovacích otázek.
11. Pořadí na kvízu Konečné umístění týmu na tomto kvízu.

Zaznamenané odpovědi

# Otázka Odpověď Body Výsledky
1. Český prezident Miloš Zeman se... Vídeň, šilink (Schilling) 1
2. Ve výčtu nejlepších aprílových... z (nakládaných) okurek 0
3. Během návštěvy komunitního stř... Fortnite 1
4. Švédský nábytkářský řetězec IK... začne nabízet pronájem nábytku 0
5. Minulý čtvrtek začalo ve finsk... v ledním hokeji (žen) 1
6. V tomto tématu ověříme vaše zn... Zvěř nehájenou lze lovit po celý rok, zvěř hájená má omezenou dobu lovu. 1
7. Kterým slovem začínajícím na p... kozlice 0
8. Jelen bílý je zvláštní barevno... Žleby, Žehušice, Kopidlno a Janovice 0
9. Kolikaterák je tento jelen? desaterák (nerovný) 0
10. Co v myslivecké mluvě znamená... oči 1